| 000 -LEADER |
| fixed length control field |
01009cam a22002771 4500 |
| 001 - CONTROL NUMBER |
| control field |
283162 |
| 005 - DATE AND TIME OF LATEST TRANSACTION |
| control field |
20240305135433.0 |
| 008 - FIXED-LENGTH DATA ELEMENTS--GENERAL INFORMATION |
| fixed length control field |
851023s1967 nyuc b 000 0beng |
| 010 ## - LIBRARY OF CONGRESS CONTROL NUMBER |
| LC control number |
67022598 |
| 040 ## - CATALOGING SOURCE |
| Original cataloging agency |
DLC |
| Transcribing agency |
SSBUL |
| Modifying agency |
DLC |
| 042 ## - AUTHENTICATION CODE |
| Authentication code |
lcac |
| 050 00 - LIBRARY OF CONGRESS CALL NUMBER |
| Classification number |
BL1470 |
| Item number |
.K4 |
| 082 00 - DEWEY DECIMAL CLASSIFICATION NUMBER |
| Classification number |
294.363 |
| -- |
B |
| -- |
92 |
| Edition number |
23 |
| Item number |
Ke 21501 S-SAT |
| 100 1# - MAIN ENTRY--PERSONAL NAME |
| Personal name |
Kelen, Betty. |
| 9 (RLIN) |
37537 |
| 245 10 - TITLE STATEMENT |
| Title |
Gautama Buddha in life and legend / |
| Statement of responsibility, etc. |
Betty Kelen. |
| 260 ## - PUBLICATION, DISTRIBUTION, ETC. |
| Place of publication, distribution, etc. |
New York, |
| Name of publisher, distributor, etc. |
Lothrop, Lee & Shepard Co. |
| Date of publication, distribution, etc. |
[1967]. |
| 300 ## - PHYSICAL DESCRIPTION |
| Extent |
xiv, 192 pages ; |
| Dimensions |
22 cm. |
| 500 ## - GENERAL NOTE |
| General note |
S-SAT: Prof. Sai Aung Tun |
| 504 ## - BIBLIOGRAPHY, ETC. NOTE |
| Bibliography, etc. note |
Bibliography: p. [187]-188. |
| 520 ## - SUMMARY, ETC. |
| Summary, etc. |
Combines archeological fact and Buddhist theological legend to recount the life of Gautama Buddha, from the traditional story of his birth, through his quest for wisdom, the years as a sage and teacher, and his death. |
| 600 00 - SUBJECT ADDED ENTRY--PERSONAL NAME |
| Personal name |
Gautama Buddha. |
|
| Personal name |
Buddha. |
| 650 #1 - SUBJECT ADDED ENTRY--TOPICAL TERM |
| Topical term or geographic name entry element |
Buddhism. |
| 906 ## - LOCAL DATA ELEMENT F, LDF (RLIN) |
| a |
7 |
| b |
cbc |
| c |
orignew |
| d |
u |
| e |
ocip |
| f |
19 |
| g |
y-gencatlg |
| 942 ## - ADDED ENTRY ELEMENTS (KOHA) |
| Source of classification or shelving scheme |
|
| Koha item type |
Book (Short term) |